Statistics for All EuroLeague Champions

Click here to take the quiz!

General Stats

  • This quiz has been taken 78 times
    (77 since last reset)
  • The average score is 49 of 66

Answer Stats

YearCountryWinner% Correct
2022-23SpainReal Madrid
100%
1963-64SpainReal Madrid
100%
1973-74SpainReal Madrid
100%
2017-18SpainReal Madrid
100%
1977-78SpainReal Madrid
100%
2014-15SpainReal Madrid
100%
1979-80SpainReal Madrid
100%
1967-68SpainReal Madrid
100%
1966-67SpainReal Madrid
100%
1964-65SpainReal Madrid
100%
1994-95SpainReal Madrid Teka
100%
2002-03SpainFC Barcelona
94%
2009-10SpainRegal FC Barcelona
94%
2020–21TurkeyAnadolu Efes
93%
2021-22TurkeyAnadolu Efes
93%
1968-69Soviet UnionCSKA Moscow
91%
1970-71Soviet UnionCSKA Moscow
91%
1960-61Soviet UnionCSKA Moscow
91%
1962-63Soviet UnionCSKA Moscow
91%
2007-08RussiaCSKA Moscow
91%
2005-06RussiaCSKA Moscow
91%
2015-16RussiaCSKA Moscow
91%
2018-19RussiaCSKA Moscow
91%
2013-14IsraelMaccabi Electra Tel Aviv
91%
1976-77IsraelMaccabi Elite Tel Aviv
91%
1980-81IsraelMaccabi Elite Tel Aviv
91%
2003-04IsraelMaccabi Elite Tel Aviv
91%
2004-05IsraelMaccabi Elite Tel Aviv
91%
2000-01IsraelMaccabi Elite Tel Aviv
91%
1996-97GreeceOlympiacos
91%
2011-12GreeceOlympiacos
91%
2012-13GreeceOlympiacos
91%
1995-96GreecePanathinaikos
91%
2006-07GreecePanathinaikos
91%
2008-09GreecePanathinaikos
91%
2010-11GreecePanathinaikos
91%
2001-02GreecePanathinaikos
91%
1999-00GreecePanathinaikos
91%
2016-17TurkeyFenerbahce
84%
1991-92YugoslaviaPartizan
84%
1998-99LithuaniaZalgiris
77%
1983-84ItalyBanco di Roma Virtus
71%
1987-88ItalyTracer Milano
70%
1986-87ItalyTracer Milano
70%
1965-66ItalySimmenthal Milano
68%
1984-85YugoslaviaCibona
55%
1985-86YugoslaviaCibona
55%
1969-70ItalyIgnis Varese
46%
1974-75ItalyIgnis Varese
46%
1971-72ItalyIgnis Varese
46%
1972-73ItalyIgnis Varese
46%
1989-90YugoslaviaJugoplastika
45%
1988-89YugoslaviaJugoplastika
45%
1975-76ItalyMobilgirgi Varese
45%
1990-91YugoslaviaPop 84
45%
1992-93FranceLimoges CSP
39%
1993-94Spain7up Joventut
38%
1978-79YugoslaviaBosna
33%
1997-98ItalyKinder Bologna
33%
2000-01ItalyKinder Bologna
33%
1981-82ItalySquibb Cantu
32%
1982-83ItalyFord Cantu
30%
1961-62Soviet UnionDinamo Tbilisi
26%
1959-60Soviet UnionRigas ASK
20%
1958-59Soviet UnionRigas ASK
20%
1958Soviet UnionRigas ASK
20%

Score Distribution

Percentile by Number Answered

Percent of People with Each Score

Your Score History

You have not taken this quiz since the last reset